=LDR 00000nam 2200000 4500 =001 INLIS000000000037721 =005 20130612143434 =008 ***********************************Ind** =035 ##$$a0010-061300000037721 =041 ##$$a Ind =082 ##$$a 001.9 =090 ##$$a 923 =100 ##$$a ramdhan, hendry E =245 ##$$a 80 pengusaha sukses dunia:from zero tobe millionaire =260 ##$$a penebaplus+ $b jakarta =300 ##$$a 275 hlm =650 ##$$a Pengetahuan kontroversial =850 ##$$a NBPNMAT =990 ##$$a 0001/BPAP-NTB/20142014